000 01108nam a22002297a 4500
999 _c19828
_d19828
005 20251125232918.0
008 s2532 th tha d
040 _aNALT
041 _atha
245 1 0 _aพระราชบัญญัติการทำงานของคนต่างด้าว พ.ศ. 2521 [2532]
260 3 _aกรุงเทพฯ :
_bสูตรไพศาล,
_c2532
300 _a182 หน้า ;
_b 26 ซม.
650 0 4 _aการทำงานคนต่างด้าว (พ.ร.บ.) -- 2521
650 0 4 _aคนต่างด้าว -- การจ้างงาน -- กฎหมายและระเบียบข้อบังคับ -- 2521
650 0 4 _aคนต่างด้าว -- การจ้างงาน (พ.ร.บ.) -- 2521
650 0 4 _aคนต่างด้าว -- (พ.ร.บ.) -- 2521
850 _aNALT
856 4 0 _uhttps://hdl.handle.net/20.500.14156/424288
_71
942 _cLB
_2lcc
998 _j25
_k นีลวัสน์ อินทรักษา
090 _aKM62 พ371 2521